Visualizzazione normale
Vista MARC
- Fiorito
di Personal Name
Records bibliografici associati: 1
001 - CONTROL NUMBER
- control field: 27898
003 - CONTROL NUMBER IDENTIFIER
- control field: IT-RoPau
005 - DATE AND TIME OF LATEST TRANSACTION
- control field: 20140529151813.0
008 - FIXED-LENGTH DATA ELEMENTS
- fixed length control field: 140529|| aca||aabn | a|a d
040 ## - CATALOGING SOURCE
- Original cataloging agency: IT-RoPau
- Transcribing agency: IT-RoPau
100 ## - HEADING--PERSONAL NAME
- Personal name: Fiorito
- Dates associated with a name: Codice autore SPICS: 34667
- Relator term: Autore
- Name of part/section of a work: I Never Knew
670 ## - SOURCE DATA FOUND
- Source citation: Work cat.: (IT-RoPau)99310: AA.VV. 794, Contrabbasso nel jazz (Il)